The visible and the invisible : (Record no. 2624)
[ view plain ]
| 000 -LEADER | |
|---|---|
| fixed length control field | 00901cac a22002291u 4500 |
| 090 ## - LOCALLY ASSIGNED LC-TYPE CALL NUMBER (OCLC); LOCAL CALL NUMBER (OCLC) | |
| -- | 2624 |
| 008 - FIXED-LENGTH DATA ELEMENTS--GENERAL INFORMATION | |
| fixed length control field | 081030t1968 xxu||||| |||| 00| 0 eng d |
| 020 ## - INTERNATIONAL STANDARD BOOK NUMBER | |
| International Standard Book Number | 0810104571 |
| 082 ## - DEWEY DECIMAL CLASSIFICATION NUMBER | |
| Classification number | 111 |
| Item number | M564 |
| 100 ## - MAIN ENTRY--PERSONAL NAME | |
| Personal name | Merleau-Ponty, Maurice |
| 245 ## - TITLE STATEMENT | |
| Title | The visible and the invisible : |
| Remainder of title | followed by working notes / |
| Statement of responsibility, etc | Edited by Claude Lefort. Translated by Alphonso Lingis |
| 260 ## - PUBLICATION, DISTRIBUTION, ETC. (IMPRINT) | |
| Place of publication, distribution, etc | Evanston : |
| Name of publisher, distributor, etc | Northwestern University Press, |
| Date of publication, distribution, etc | 1968. |
| 300 ## - PHYSICAL DESCRIPTION | |
| Extent | lvi,282p. ; |
| Dimensions | 22 cm. |
| 440 ## - | |
| -- | Northwestern University studies in phenomenology & existential philosophy |
| 504 ## - BIBLIOGRAPHY, ETC. NOTE | |
| Bibliography, etc | Includes bibliographic footnotes and index |
| 650 ## - SUBJECT ADDED ENTRY--TOPICAL TERM | |
| Topical term or geographic name as entry element | Ontology |
| 650 ## - SUBJECT ADDED ENTRY--TOPICAL TERM | |
| Topical term or geographic name as entry element | Knowledge, theory of |
| 700 ## - ADDED ENTRY--PERSONAL NAME | |
| Personal name | Lefort, Claude |
| 700 ## - ADDED ENTRY--PERSONAL NAME | |
| Personal name | Alphonso, Lingis |
| 942 ## - ADDED ENTRY ELEMENTS (KOHA) | |
| Item type | Book - Borrowing |
| Call number prefix | 111 M564 |
| Source of classification or shelving scheme | Dewey Decimal Classification |
| Withdrawn status | Item status | Damaged status | Not for loan | Home library | Current library | Shelving location | Date acquired | Source of acquisition | Total Checkouts | Total Renewals | Full call number | Barcode | Date last seen | Date last borrowed | Cost, replacement price | Koha item type |
|---|---|---|---|---|---|---|---|---|---|---|---|---|---|---|---|---|
| Central Library | Central Library | Lower Floor | 16/04/2007 | Purchase | 4 | 10 | 111 MER | 000001810 | 15/07/2025 | 23/02/2025 | 205.00 | Book - Borrowing |